[Event "Fredericia IM 2019"]
[Site "Fredericia"]
[Date "2019.06.02"]
[Round "9.1"]
[White "Sorensen, Hampus"]
[Black "Jacobsen, Mikkel Manosri"]
[Result "1/2-1/2"]
[WhiteElo "2343"]
[BlackElo "2319"]
[Annotator "TA"]
[PlyCount "111"]
[EventDate "2019.05.29"]
[EventType "tourn"]
[EventCountry "DEN"]
[SourceTitle "playchess.com"]
[Source "ChessBase"]
[SourceQuality "1"]

{[%evp 16,111,10,15,10,20,3,0,0,0,28,-18,-5,-23,-14,-14,-14,-27,-27,-18,-25,-23,0,3,244,-24,-20,-25,-18,-22,-21,-16,-15,-8,0,-1,-1,-7,4,0,18,-25,-18,-21,-29,-33,-27,-85,-85,-83,-80,-141,-89,-117,-71,-86,-86,-86,-81,-114,-39,-37,0,0,0,0,0,0,165,151,181,175,175,178,320,311,296,188,168,120,141,133,132,80,404,385,382,170,170,170,173,59,50,50,42,58,58,44]} 1. d4 d5 2. c4 e6 3. Nf3 Nf6 4. Bg5 c6 5. e3 Nbd7 6. Nbd2 h6 7. Bh4 Be7 8. Bd3 O-O 9. O-O b6 {[%cal Bb7b6,Bb6c5,Bc5c4][%mdl 32] D03: 1 d4 d5 2 Nf3 Nf6 3 Bg5, including Torre Attack with early ...d5} 10. Qe2 (10. a3 c5 11. b4 cxd4 12. Nxd4 Ne5 13. N2f3 Nxc4 14. Bxc4 dxc4 15. Nc6 Qe8 16. Nfe5 g5 17. Bg3 {1-0 (49) Yuffa,D (2504)-Sethuraman,S (2639) Doha 2015}) 10... Bb7 11. Rad1 c5 $146 {The position is equal.} ({Predecessor:} 11... Re8 12. Ne5 c5 13. Ndf3 Rc8 14. cxd5 Nxd5 15. Bg3 Nxe5 16. Nxe5 cxd4 17. Bb5 {1-0 (42) Khusenkhojaev,M (2373)-Duzhakov,I (2304) Peterhof 2009}) 12. cxd5 exd5 13. dxc5 bxc5 14. Bg3 Qb6 15. e4 c4 16. exd5 cxd3 17. Qxe7 Bxd5 18. Qa3 a5 19. Qxd3 Qxb2 $2 (19... Bxa2 $11 20. Qd4 Bd5) 20. a3 $2 (20. Rb1 $1 $18 {[%cal Rb1b2]} Qxa2 21. Ra1) 20... Rfc8 $11 21. Ra1 Rc3 22. Qb1 Qxb1 23. Rfxb1 Rac8 24. h3 Rc2 25. Bf4 Ba2 $36 {[%mdl 2048] Black has good play.} 26. Rb5 a4 27. Ra5 Bb3 28. Rb5 Nd5 29. Bd6 Nc3 30. Rb7 Be6 31. Bb4 (31. Nf1 $11) 31... Nc5 $17 32. Bxc5 Rxc5 33. Rb4 (33. Nf1 $142) 33... Bd5 (33... Rb5 $142 $1 34. Rd4 Ne2+ 35. Kh2 Nxd4 36. Nxd4 Rbc5 37. Nxc2 Rxc2) 34. Re1 Ra2 35. Re8+ Kh7 36. Rbb8 Be6 $1 ({Wrong is} 36... Rxa3 $2 37. Ne5 $18) 37. Ra8 Rd5 ({Black should play} 37... Rxa3 $17 38. Rh8+ Kg6) 38. Nc4 $1 $15 Rd1+ {[%mdl 64] Discovered Attack} 39. Kh2 {aiming for Nce5.} Bxc4 40. Ne5 {[%csl Ga8][%cal Re8h8]} g6 {...Be6 is the strong threat.} 41. Nxc4 Rxf2 $2 (41... h5 $1 $11 {and Black stays safe.}) 42. Ne3 $18 Rd4 {[#] Black wants to play ...h5.} 43. Ng4 $1 Rxg4 44. hxg4 {[%mdl 4096] Endgame KRR-KRN} Ne2 (44... Rf4 {was worth a try.} 45. Re3 Nb5) 45. Rxa4 {Threatens to win with Rc4.} g5 46. Ra7 Kg7 47. Ree7 Kg6 48. a4 {[%cal Ba3a4,Ba4a5][%mdl 32]} Nf4 49. Kg3 (49. Ra6+ $142 Kg7 50. Kg3 Rxg2+ 51. Kf3) 49... Rf1 $2 {[%mdl 8192]} (49... Rxg2+ $16 {is a better chance.} 50. Kf3 Ra2) 50. a5 h5 51. gxh5+ (51. Rxf7 $142 h4+ 52. Kh2) 51... Nxh5+ 52. Kh2 g4 {[#] And now ...g3+ would win.} 53. g3 ({Only move:} 53. Re3 $1 $18) 53... Rf2+ $1 $14 {White is slightly better.} 54. Kg1 Rf3 $1 55. Rxf7 Rxg3+ (55... Rxf7 $2 {perishes.} 56. Rxf7 Kxf7 57. a6 $18) 56. Kf1 {Accuracy: White = 57%, Black = 61%.} 1/2-1/2

[Event "Fredericia IM 2019"]
[Site "Fredericia"]
[Date "2019.06.02"]
[Round "9.2"]
[White "Ahlander, Bjorn"]
[Black "Fries-Nielsen, Niels Jorgen"]
[Result "1/2-1/2"]
[WhiteElo "2421"]
[BlackElo "2328"]
[Annotator "ChessBase"]
[PlyCount "60"]
[EventDate "2019.05.29"]
[EventType "tourn"]
[EventCountry "DEN"]
[SourceTitle "playchess.com"]
[Source "ChessBase"]
[SourceQuality "1"]
[TimeControl "40/5400+30:1800+30"]

1. d4 g6 {[%emt 0:06:38]} 2. Nf3 {[%emt 0:00:58]} Bg7 {[%emt 0:00:28]} 3. c4 {[%emt 0:00:54]} d6 {[%emt 0:04:06]} 4. Nc3 {[%emt 0:04:07]} Nc6 {[%emt 0:02:20]} 5. d5 {[%emt 0:04:44]} Ne5 {[%emt 0:03:23]} 6. Nxe5 {[%emt 0:01:40]} Bxe5 {[%emt 0:00:53]} 7. e4 {[%emt 0:00:15]} f5 {[%emt 0:01:39]} 8. exf5 {[%emt 0:06:11]} Bxf5 {[%emt 0:00:11]} 9. Be2 {[%emt 0:00:36]} h5 {[%emt 0:04:59]} 10. Nb5 {[%emt 0:03:57]} Qd7 {[%emt 0:13:01]} 11. h3 {[%emt 0:09:51]} e6 {[%emt 0:03:38]} 12. Nd4 {[%emt 0:04:40]} Ne7 {[%emt 0:05:39]} 13. Nf3 {[%emt 0:13:34]} exd5 {[%emt 0:05:24]} 14. cxd5 {[%emt 0:00:07]} Be4 {[%emt 0:00:35]} 15. O-O {[%emt 0:03:42]} Bxd5 {[%emt 0:03:17]} 16. Nxe5 {[%emt 0:04:16]} dxe5 {[%emt 0:00:02]} 17. Bg5 {[%emt 0:01:25]} O-O-O {[%emt 0:04:05]} 18. Qc1 {[%emt 0:04:16]} Rde8 {[%emt 0:05:44]} 19. Qc5 {[%emt 0:03:15]} b6 {[%emt 0:05:19]} 20. Qa3 {[%emt 0:00:02]} Kb8 {[%emt 0:00:44]} 21. Rfd1 {[%emt 0:02:07]} Nf5 {[%emt 0:01:01]} 22. Bf1 {[%emt 0:06:41]} Nd4 {[%emt 0:05:18]} 23. Rac1 {[%emt 0:02:50]} Rhf8 {[%emt 0:03:21]} 24. Be3 {[%emt 0:05:36]} Qf7 {[%emt 0:04:20]} 25. b4 {[%emt 0:06:29]} Bb7 {[%emt 0:02:14]} 26. Qc3 {[%emt 0:00:57]} Rd8 {[%emt 0:03:44]} 27. a3 {[%emt 0:02:06]} Nf5 {[%emt 0:02:01]} 28. Rxd8+ {[%emt 0:00:58]} Rxd8 {[%emt 0:00:03]} 29. Qxe5 {[%emt 0:00:15]} Nxe3 {[%emt 0:00:42]} 30. Qxe3 {[%emt 0:00:16]} Rh8 1/2-1/2

[Event "Fredericia IM 2019"]
[Site "Fredericia"]
[Date "2019.06.02"]
[Round "9.3"]
[White "Vasli, Aref"]
[Black "Devereaux, Maxim L"]
[Result "0-1"]
[WhiteElo "2346"]
[BlackElo "2342"]
[Annotator "RC"]
[PlyCount "112"]
[EventDate "2019.05.29"]
[EventType "tourn"]
[EventCountry "DEN"]
[SourceTitle "playchess.com"]
[Source "ChessBase"]
[SourceQuality "1"]
[TimeControl "40/5400+30:1800+30"]

1. Nf3 {[%emt 0:02:40]} Nf6 {[%emt 0:00:10]} 2. g3 {[%emt 0:00:15]} b5 {[%emt 0:01:30]} 3. Bg2 {[%emt 0:00:10]} Bb7 {[%emt 0:00:04]} 4. O-O {[%emt 0:00:57]} e6 {[%emt 0:00:33]} 5. d3 {[%emt 0:03:01]} d5 {[%emt 0:03:13]} 6. Nbd2 {[%emt 0:00:35]} Be7 {[%emt 0:01:59]} 7. e4 {[%emt 0:01:50]} O-O {[%emt 0:02:35]} 8. Qe2 {[%emt 0:00:49]} c5 {[%emt 0:01:01]} 9. Re1 {[%emt 0:01:40]} Re8 {[%emt 0:05:09]} 10. h4 {[%emt 0:10:10]} Nc6 {[%emt 0:05:11]} 11. Nf1 {[%emt 0:07:56]} Qb6 {[%emt 0:03:35]} 12. e5 {[%emt 0:15:39]} Nd7 {[%emt 0:00:15]} 13. N1h2 {[%emt 0:05:33]} Rac8 {[%emt 0:03:38]} 14. Bf4 {[%emt 0:03:12]} Nd4 {[%emt 0:02:13]} 15. Nxd4 {[%emt 0:02:23]} cxd4 {[%emt 0:00:08]} 16. h5 {[%emt 0:08:15]} Rc6 {[%emt 0:05:36]} 17. Nf3 {[%emt 0:02:04]} Rec8 {[%emt 0:02:37]} 18. Rec1 {[%emt 0:01:54]} a5 {[%emt 0:05:24]} 19. g4 {[%emt 0:05:10]} b4 {[%emt 0:02:46]} 20. h6 {[%emt 0:04:20]} g6 {[%emt 0:01:12]} 21. Rab1 {[%emt 0:09:17]} Ba6 {[%emt 0:03:29]} 22. Qd2 {[%emt 0:01:43]} Bb5 {[%emt 0:03:02]} 23. Bf1 {[%emt 0:02:31]} Ba4 {[%emt 0:01:58]} 24. Bg5 {[%emt 0:00:50]} Bf8 {[%emt 0:00:32]} 25. Qf4 {[%emt 0:01:22]} Rxc2 {[%emt 0:01:15]} 26. Rxc2 {[%emt 0:01:08]} Rxc2 {[%emt 0:00:19]} 27. Nxd4 {[%emt 0:00:40]} Rc8 {[%emt 0:00:54]} 28. b3 {[%emt 0:00:40]} Bc6 {[%emt 0:03:40]} 29. Nxc6 {[%emt 0:02:21]} Rxc6 {[%emt 0:00:07]} 30. d4 {[%emt 0:00:18]} Rc3 {[%emt 0:00:53]} 31. Qd2 {[%emt 0:02:19]} Nb8 {[%emt 0:01:45]} 32. Be3 {[%emt 0:00:11]} Nc6 {[%emt 0:01:26]} 33. Kg2 {[%emt 0:02:16]} Be7 {[%emt 0:01:12]} 34. Be2 {[%emt 0:01:33]} f6 {[%emt 0:06:38]} 35. exf6 {[%emt 0:00:45]} Bxf6 {[%emt 0:00:07]} 36. Rd1 {[%emt 0:00:07]} Kf7 {[%emt 0:01:57]} 37. f4 {[%emt 0:00:44]} Qc7 {[%emt 0:03:51]} 38. Bd3 {[%emt 0:00:28]} Ne7 {[%emt 0:04:51]} 39. Bb1 {[%emt 0:00:38]} Nc8 {[%emt 0:00:44]} 40. Qe2 {[%emt 0:01:03]} Nd6 {[%emt 0:02:58]} 41. Bf2 {[%emt 0:05:17]} Rc1 {[%emt 0:03:15]} 42. Be3 {[%emt 0:20:43]} Rxd1 {[%emt 0:01:18]} 43. Qxd1 {[%emt 0:00:01]} Qc3 {[%emt 0:01:10]} 44. Qd3 {[%emt 0:00:20]} Ne4 {[%emt 0:01:05]} 45. Kf1 {[%emt 0:02:49]} Qa1 {[%emt 0:08:06]} 46. Kg2 {[%emt 0:00:19]} Nc3 {[%emt 0:04:05]} 47. Bc2 Qxa2 {[%emt 0:00:46]} 48. f5 {[%emt 0:02:42]} exf5 {[%emt 0:00:22]} 49. gxf5 {[%emt 0:00:01]} Ne4 {[%emt 0:00:25]} 50. fxg6+ {[%emt 0:00:23]} Kxg6 {[%emt 0:00:17]} 51. Qe2 {[%emt 0:00:11]} Kf7 {[%emt 0:00:58]} 52. Kh3 {[%emt 0:01:48]} Ke7 {[%emt 0:01:36]} 53. Qd1 {[%emt 0:01:20]} Qb2 {[%emt 0:04:04]} 54. Kg4 {[%emt 0:00:46]} Qc3 {[%emt 0:00:37]} 55. Bxe4 {[%emt 0:00:47]} Qxe3 {[%emt 0:00:24]} 56. Bxh7 {[%emt 0:00:31]} Qg5+ {[%emt 0:00:06]} 0-1

[Event "Fredericia IM 2019"]
[Site "Fredericia"]
[Date "2019.06.02"]
[Round "9.4"]
[White "Olsen, Filip Boe"]
[Black "Easwaralingam, Adesh"]
[Result "1-0"]
[WhiteElo "2394"]
[BlackElo "2123"]
[Annotator "ChessBase"]
[PlyCount "69"]
[EventDate "2019.05.29"]
[EventType "tourn"]
[EventCountry "DEN"]
[SourceTitle "playchess.com"]
[Source "ChessBase"]
[SourceQuality "1"]
[TimeControl "40/5400+30:1800+30"]

1. d4 {[%emt 0:00:00]} Nf6 {[%emt 0:00:00]} 2. c4 {[%emt 0:00:00]} e6 {[%emt 0:00:00]} 3. Nc3 {[%emt 0:00:08]} Bb4 {[%emt 0:00:02]} 4. e3 {[%emt 0:00:11]} d5 {[%emt 0:00:08]} 5. Nf3 {[%emt 0:00:34]} O-O {[%emt 0:00:08]} 6. Bd3 {[%emt 0:00:15]} c5 {[%emt 0:00:07]} 7. cxd5 {[%emt 0:00:12]} Nxd5 {[%emt 0:04:23]} 8. O-O {[%emt 0:01:56]} cxd4 {[%emt 0:02:31]} 9. exd4 {[%emt 0:00:50]} h6 {[%emt 0:02:47]} 10. Qb3 {[%emt 0:09:28]} Nc6 {[%emt 0:10:16]} 11. a3 {[%emt 0:07:36]} Bd6 {[%emt 0:07:33]} 12. Be3 {[%emt 0:11:49]} Nce7 {[%emt 0:05:28]} 13. Nxd5 {[%emt 0:11:45]} Nxd5 {[%emt 0:01:17]} 14. Bc2 {[%emt 0:06:27]} b6 {[%emt 0:05:38]} 15. Qd3 {[%emt 0:02:38]} Nf6 {[%emt 0:00:43]} 16. Nd2 {[%emt 0:05:27]} Bb7 {[%emt 0:02:16]} 17. h3 {[%emt 0:01:34]} Qc8 {[%emt 0:04:41]} 18. Rfc1 {[%emt 0:01:57]} Bb8 {[%emt 0:06:55]} 19. f3 {[%emt 0:09:10]} Qc7 {[%emt 0:04:13]} 20. Nf1 {[%emt 0:00:57]} Qd6 {[%emt 0:04:53]} 21. Bf2 {[%emt 0:03:09]} Rd8 {[%emt 0:03:09]} 22. Rd1 {[%emt 0:00:46]} Qd5 {[%emt 0:04:19]} 23. Ne3 {[%emt 0:03:32]} Qg5 {[%emt 0:02:46]} 24. Ng4 {[%emt 0:00:46]} Nxg4 {[%emt 0:02:19]} 25. hxg4 {[%emt 0:01:41]} g6 {[%emt 0:02:39]} 26. Qe3 {[%emt 0:01:05]} Bf4 {[%emt 0:02:28]} 27. Qe1 {[%emt 0:00:21]} Qb5 {[%emt 0:02:10]} 28. Be3 {[%emt 0:04:14]} Bxe3+ {[%emt 0:04:05]} 29. Qxe3 {[%emt 0:00:02]} Kg7 {[%emt 0:00:50]} 30. a4 {[%emt 0:02:44]} Qxb2 {[%emt 0:03:02]} 31. Qe5+ {[%emt 0:00:24]} Kh7 {[%emt 0:04:02]} 32. Qc7 {[%emt 0:00:27]} Rf8 {[%emt 0:01:11]} 33. Rab1 {[%emt 0:01:01]} Qa3 {[%emt 0:01:18]} 34. Qxb7 {[%emt 0:00:20]} Qe3+ {[%emt 0:00:06]} 35. Kf1 {[%emt 0:00:26]} 1-0

[Event "Fredericia IM 2019"]
[Site "Fredericia"]
[Date "2019.06.02"]
[Round "9.5"]
[White "Antonsen, Mikkel"]
[Black "Pedersen, Nicolai Kvist Brondt"]
[Result "1-0"]
[WhiteElo "2423"]
[BlackElo "2325"]
[Annotator "ChessBase"]
[PlyCount "73"]
[EventDate "2019.05.29"]
[EventType "tourn"]
[EventCountry "DEN"]
[SourceTitle "playchess.com"]
[Source "ChessBase"]
[SourceQuality "1"]
[TimeControl "40/5400+30:1800+30"]

1. d4 {[%emt 0:00:00]} Nf6 {[%emt 0:00:40]} 2. c4 {[%emt 0:00:03]} c6 {[%emt 0:00:05]} 3. Nf3 {[%emt 0:01:09]} d5 {[%emt 0:00:15]} 4. e3 {[%emt 0:00:06]} Bf5 {[%emt 0:00:02]} 5. Nc3 {[%emt 0:00:12]} e6 {[%emt 0:00:04]} 6. Nh4 {[%emt 0:00:04]} Be4 {[%emt 0:00:02]} 7. f3 {[%emt 0:00:21]} Bg6 {[%emt 0:00:05]} 8. Qb3 {[%emt 0:00:09]} Qc7 {[%emt 0:00:04]} 9. Bd2 {[%emt 0:00:23]} Be7 {[%emt 0:00:23]} 10. Nxg6 {[%emt 0:02:09]} hxg6 {[%emt 0:00:16]} 11. O-O-O {[%emt 0:00:08]} a6 {[%emt 0:02:53]} 12. cxd5 {[%emt 0:00:36]} cxd5 {[%emt 0:05:14]} 13. Kb1 {[%emt 0:00:09]} Nc6 {[%emt 0:00:40]} 14. Rc1 {[%emt 0:00:07]} Rc8 {[%emt 0:04:03]} 15. g4 {[%emt 0:01:49]} O-O {[%emt 0:07:34]} 16. Qd1 {[%emt 0:00:35]} Qd7 {[%emt 0:16:21]} 17. Na4 {[%emt 0:01:06]} Nb8 {[%emt 0:08:33]} 18. Rxc8 {[%emt 0:07:36]} Qxc8 {[%emt 0:00:07]} 19. h4 {[%emt 0:00:10]} Nbd7 {[%emt 0:02:43]} 20. h5 {[%emt 0:09:36]} gxh5 {[%emt 0:02:02]} 21. g5 {[%emt 0:01:41]} Nh7 {[%emt 0:09:16]} 22. e4 {[%emt 0:01:01]} g6 {[%emt 0:01:59]} 23. exd5 {[%emt 0:00:23]} exd5 {[%emt 0:00:29]} 24. f4 {[%emt 0:00:17]} f5 {[%emt 0:03:29]} 25. Qb3 {[%emt 0:01:23]} Re8 {[%emt 0:18:06]} 26. Qxd5+ {[%emt 0:00:35]} Kh8 {[%emt 0:01:12]} 27. Qf7 {[%emt 0:02:34]} b5 {[%emt 0:01:54]} 28. d5 {[%emt 0:02:02]} Bxg5 {[%emt 0:06:04]} 29. fxg5 {[%emt 0:04:24]} Ne5 {[%emt 0:00:56]} 30. Bc3 {[%emt 0:00:08]} bxa4 {[%emt 0:00:37]} 31. Bxa6 {[%emt 0:00:56]} Qb8 {[%emt 0:00:47]} 32. d6 {[%emt 0:00:45]} Qa8 {[%emt 0:05:03]} 33. Re1 {[%emt 0:00:19]} Nxg5 {[%emt 0:00:29]} 34. Qxg6 {[%emt 0:02:32]} Ngf3 {[%emt 0:01:08]} 35. Qh6+ {[%emt 0:02:48]} Kg8 {[%emt 0:00:02]} 36. Bc4+ {[%emt 0:00:14]} Nxc4 {[%emt 0:00:56]} 37. Qg7# 1-0